| 000 | 00551nam a22001817a 4500 | ||
|---|---|---|---|
| 999 |
_c11914 _d11914 |
||
| 003 | AR-CdUCM | ||
| 008 | 190405b ||||| |||| 00| 0 spa d | ||
| 040 |
_aMUNICIPALIDAD PROVINCIAL DEL CUSCO _cBIBLIOTECA MUNICIPAL DEL CUSCO |
||
| 082 |
_aC / 868.6 / _bC89 |
||
| 100 |
_aCuadroz Rodriguez, Anibal _929528 |
||
| 245 | _aCofre Andino / | ||
| 260 |
_aSicuani : _bEl grito, _c1940. |
||
| 300 |
_a94 páginas ; _c19 cm. |
||
| 650 |
_aPoesía cusqueña. _92323 |
||
| 650 |
_aPoesía de sicuani. _929529 |
||
| 942 |
_2ddc _cLIBROS |
||
| 945 |
_awfj _d2019-04-05 |
||